| 000 -LEADER |
| fixed length control field |
01147cam a2200277 a 4500 |
| 001 - CONTROL NUMBER |
| control field |
000045999688 |
| 003 - CONTROL NUMBER IDENTIFIER |
| control field |
AuCNLKIN |
| 005 - DATE AND TIME OF LATEST TRANSACTION |
| control field |
20190815082940.0 |
| 007 - PHYSICAL DESCRIPTION FIXED FIELD--GENERAL INFORMATION |
| fixed length control field |
ta |
| 008 - FIXED-LENGTH DATA ELEMENTS--GENERAL INFORMATION |
| fixed length control field |
100908s2010 enk 000 0 eng |
| 020 ## - INTERNATIONAL STANDARD BOOK NUMBER |
| International Standard Book Number |
9781405336994 (hbk.) |
| 020 ## - INTERNATIONAL STANDARD BOOK NUMBER |
| International Standard Book Number |
1405336994 (hbk.) |
| 039 ## - LEVEL OF BIBLIOGRAPHIC CONTROL AND CODING DETAIL [OBSOLETE] |
| Level of rules in bibliographic description |
(OCoLC)662527544 |
| 040 ## - CATALOGING SOURCE |
| Original cataloging agency |
UKM |
| Transcribing agency |
UKM |
| Modifying agency |
OCoLC |
| -- |
APLS |
| 082 04 - DEWEY DECIMAL CLASSIFICATION NUMBER |
| Classification number |
508 NAT |
| Edition number |
22 |
| 245 04 - TITLE STATEMENT |
| Title |
The natural history book : |
| Remainder of title |
the ultimate visual guide to everything on Earth / |
| Statement of responsibility, etc. |
[editors, Becky Alexander ... [et al.] |
| 260 ## - PUBLICATION, DISTRIBUTION, ETC. |
| Place of publication, distribution, etc. |
London : |
| Name of publisher, distributor, etc. |
Dorling Kindersley, |
| Date of publication, distribution, etc. |
2010. |
| 300 ## - PHYSICAL DESCRIPTION |
| Extent |
648 p. : |
| Other physical details |
col. ill. ; |
| Dimensions |
31 cm. |
| 500 ## - GENERAL NOTE |
| General note |
Includes index. |
| 520 ## - SUMMARY, ETC. |
| Summary, etc. |
A monumental and extraordinarily beautiful guide to the Earth's natural wonders. Packed with thousands of stunning, specially commissioned photographs, and written by a worldwide team of natural history experts, The Natural History Book is a true visual dictionary of every kingdom of life, from granites to grape vines, from microbes to mammals. |
| 650 #0 - SUBJECT ADDED ENTRY--TOPICAL TERM |
| Topical term or geographic name entry element |
Natural history. |
| 651 #0 - SUBJECT ADDED ENTRY--GEOGRAPHIC NAME |
| Geographic name |
Earth (Planet) |
| 700 1# - ADDED ENTRY--PERSONAL NAME |
| Personal name |
Alexander, Becky. |
| 700 1# - ADDED ENTRY--PERSONAL NAME |
| Personal name |
Ombler, Gary |
| 942 ## - ADDED ENTRY ELEMENTS (KOHA) |
| Source of classification or shelving scheme |
|
| Koha item type |
Books - Non Ficton |